Vete Pal Carajo REMIX - Dj Nelson, Yan Block, Jay Wheeler... - Estadísticas

Estadísticas generales
  • Esta prueba ha sido intentada 29 veces
  • La puntuación promedio es 120 de 920
Estadísticas de respuestas
Letra % Correcto
a
100%
A
100%
amor
100%
de
100%
en
100%
En
100%
es
100%
l
100%
te
50%
Te
50%
ah
25%
Ahora
25%
amiga
25%
calle
25%
cojone
25%
Como
25%
como
25%
con
25%
Con
25%
condone
25%
corazone
25%
cuando
25%
Cuando
25%
Cupido
25%
da
25%
darme
25%
del
25%
dice
25%
el
25%
emocione
25%
flores
25%
fue
25%
fuiste
25%
ilusione
25%
je
25%
la
25%
La
25%
las
25%
llore
25%
lo
25%
los
25%
25%
mataste
25%
me
25%
Me
25%
mencione
25%
mentira
25%
25%
mi
25%
Mi
25%
Mira
25%
Ñengo
25%
no
25%
nombre
25%
o
25%
Ojalá
25%
opcione
25%
Pero
25%
pero
25%
pinta
25%
prendo
25%
que
25%
Qué
25%
Que
25%
qué
25%
quiere
25%
razone
25%
romper
25%
santa
25%
se
25%
Se
25%
sean
25%
25%
Si
25%
si
25%
sin
25%
tengo
25%
ti
25%
traición
25%
25%
tu
25%
25%
Tu
25%
tuyo
25%
vacacione
25%
volver
25%
Y
25%
y
25%
aconseja
0%
acuesto
0%
agradecer
0%
al
0%
Al
0%
alma
0%
amante
0%
ángel
0%
años
0%
aquel
0%
aquí
0%
Arranca
0%
Así
0%
atención
0%
Aunque
0%
avión
0%
baba
0%
babean
0%
Baby
0%
baby
0%
balance
0%
bellaco
0%
bien
0%
bitcha
0%
Block
0%
blunte
0%
Buscando
0%
buscar
0%
Búscate
0%
bye
0%
cabrona
0%
cago
0%
cambiaste
0%
canciones
0%
canse
0%
cansó
0%
capeo
0%
carajo
0%
casco
0%
ceniza
0%
chavo
0%
Chica
0%
chica
0%
chillin
0%
cielo
0%
cogiste
0%
Contigo
0%
contrato
0%
creo
0%
cuento
0%
cuestiona
0%
Cuídate
0%
culo
0%
culpa
0%
dado
0%
damo
0%
dan
0%
darle
0%
decirte
0%
dedico
0%
desapareció
0%
descabrona
0%
Después
0%
destesto
0%
detrás
0%
diez
0%
dijo
0%
Dios
0%
do
0%
doll
0%
dónde
0%
donde
0%
dos
0%
Draco
0%
duda
0%
entonces
0%
entre
0%
envío
0%
era
0%
eran
0%
ere
0%
esa
0%
escribirte
0%
Ese
0%
ese
0%
Estaba
0%
estoy
0%
existió
0%
falta
0%
flechó
0%
frente
0%
fuck
0%
fuera
0%
ganamos
0%
Glock
0%
Gracia
0%
gracia
0%
gran
0%
ha
0%
hablé
0%
hace
0%
hacer
0%
hagas
0%
hago
0%
hayan
0%
he
0%
herida
0%
hice
0%
hicistes
0%
Hija
0%
hubo
0%
iba
0%
incluyen
0%
infiele
0%
Jay
0%
jugastes
0%
juquea
0%
le
0%
lejo
0%
libra
0%
llegado
0%
llegan
0%
llévate
0%
Lucifer
0%
madre
0%
malo
0%
mandé
0%
mando
0%
más
0%
menciona
0%
mete
0%
meto
0%
mili
0%
Mirando
0%
molesto
0%
monté
0%
motor
0%
mucho
0%
muero
0%
murió
0%
nací
0%
nada
0%
náusea
0%
Normalmente
0%
nos
0%
novio
0%
nuestro
0%
nunca
0%
Nunca
0%
odio
0%
oh
0%
otra
0%
otro
0%
pa
0%
Pa
0%
pai
0%
pal
0%
par
0%
pareja
0%
parió
0%
parta
0%
pegar
0%
pelea
0%
peleona
0%
pendejo
0%
percance
0%
perder
0%
perdiendo
0%
perdiste
0%
permanente
0%
persona
0%
Phillie
0%
piene
0%
piensa
0%
Po
0%
pone
0%
Por
0%
por
0%
PornHub
0%
Porque
0%
pregunté
0%
prenda
0%
prendí
0%
presto
0%
primero
0%
promesa
0%
puede
0%
puso
0%
puta
0%
queja
0%
quiero
0%
quise
0%
quite
0%
relacione
0%
respuesta
0%
restaron
0%
resto
0%
romance
0%
rompiste
0%
ropa
0%
saber
0%
saco
0%
salida
0%
sea
0%
ser
0%
Siempre
0%
siempre
0%
soltero
0%
son
0%
su
0%
subió
0%
taco
0%
tanto
0%
tecato
0%
tercera
0%
texto
0%
to
0%
toda
0%
todo
0%
trabajo
0%
traicionamo
0%
traicionan
0%
Tratando
0%
tre
0%
trece
0%
trili
0%
uh
0%
un
0%
una
0%
Uno
0%
uno
0%
uoh
0%
vano
0%
vea
0%
vece
0%
Veo
0%
vestía
0%
Vete
0%
vete
0%
vía
0%
vida
0%
viejo
0%
vientre
0%
viste
0%
volvió
0%
voy
0%
Wheeler
0%
ya
0%
Ya
0%
Yan
0%
yo
0%
Yo
0%
No se encontraron pruebas coincidentes
Distribución de puntuación
Porcentaje de gente con cada puntuación
Porcentaje por número respondido
Historial de tus puntuaciones
No has intentado esta prueba.